000 00671nam a2200229Ia 4500
003 OSt
005 20220928113548.0
006 a|||||r|||| 00| 0
007 ta
008 220927b |||||||| |||| 00| 0 eng d
024 _a33460
037 _cTextual
040 _aSDCL
_cSDCL
_beng
041 _2eng
_aeng
082 _aX9(F191):515.3124'N7, L6
100 _aGibson-Jarvie Robert
_9433808
245 0 _aLondon metal exchange
_b A commodity market
260 _aCambridge
_bWoodhead-Faulkner
_c1976
300 _avii,191p
_ccm.
942 _hX9(F191):515.3124'N7, L6
_cTEXL
_2CC
999 _c750216
_d750216